01368nam a2200241Ia 4500001001100000003001000011008004100021040002500062041001300087100002100100245004200121250001100163260009200174300002700266500023400293501011400527520023400641650003400875942000700909957000600916999004200922952016200964L240-11930IT-CnALBA170116s9999||||xx |||||||||||||| ||und|| aIT-CnALBAcIT-CnALBA aITALIANO aTARDIVEAU ROBERT 0aIL SACERDOZIO NELLA MENTE DI CRISTO.  a1a ed. aCINISELLO BALSAMO (MI)bEDIZIONI PAOLINEc1953 [1° Ed.:1953 - Ed.Ling.Originale: 1953] a131 p. (prefazione: 7) aIDEALI. SACERDOZIO DI GESÙ. INCARNAZIONE. ADORAZIONE. PREGHIERA. ANIMA SACERDOTALE. CONOSCENZA DI GESÙ. VIA. DONO DELL'AMORE. UNIONE. MESSA. ATTITUDINE SACERDOTALE. OBBLIGHI. DIFFICOLTÀ. CONSEGUENZE DELLA VITA SACERDOTALE.  aSocietà San Paolo EM - Piazza San Paolo, 14 - 12051 ALBA (CN) (non commercial uses only) ® Copyright 2017 aIDEALI. SACERDOZIO DI GESÙ. INCARNAZIONE. ADORAZIONE. PREGHIERA. ANIMA SACERDOTALE. CONOSCENZA DI GESÙ. VIA. DONO DELL'AMORE. UNIONE. MESSA. ATTITUDINE SACERDOTALE. OBBLIGHI. DIFFICOLTÀ. CONSEGUENZE DELLA VITA SACERDOTALE.  aTEOLOGIA SPIRITUALE CRISTIANA cBK 71 a16683bNOg Copie: 1 c271107d271107 0010406L_2401193071aALBAbALBAd2017-01-16l0oL240-11930r2017-01-16 00:00:00w2017-01-16yBKz(data import: 16 gennaio 2017) - By Epidotti, Vaglietti.